000 00704nam a2200253Ia 4500
005 20260121161229.0
008 008 260114s9999 xx 000 0 eng d
020 _a9781032722474
037 _aEBOOK
040 _aCRL
040 _beng
040 _cCRL
041 _2eng
041 _aeng
084 _qCRL
100 _aVivencio O. Ballano
_91041823
245 0 _aCelibacy, Seminary Formation, and Catholic Clerical Sexual Abuse:Exploring Sociological Connections and Alternative Clerical Training
260 _bTaylor and Francis
260 _c2024
856 _uhttp://www.taylorfrancis.com/books/9781032722474
942 _cEBOOK
999 _c1608639
_d1608639